000 00758nam a2200265 a 4500
001 24402
003 CO-ViMGA
008 141112s2004 ck r 000 u spa d
020 _a9789588445106
040 _aCO-ViMGA
_bspa
_cCO-ViMGA
041 _aSPA
090 _aP ESP6
245 1 0 _aLos pollitos dicen /
_cilustraciones Gerald Espinoza
250 _a1a ed.
260 _aCaracas :
_bEkaré,
_c2007
300 _a12 p. : il. : il.
650 1 4 _aAUTORES VENEZOLANOS
_91704
650 1 4 _aCANCIONES INFANTILES
_91028
650 1 4 _aDESDE LOS 6 MESES
_935946
650 1 4 _aJUEGOS CON LA PALABRA
_935947
650 1 4 _aLEER ES MI CUENTO - COLECCION 2011
_935948
650 1 4 _aRIMAS INFANTILES
700 1 _aEspinoza, Gerald
_935949
942 _2ddc
_cBK
999 _c2299
_d2299